Statistics for Rolling Stone's 100 Greatest Artists

Click here to take the quiz!

General Stats

  • This quiz has been taken 147 times
  • The average score is 48 of 100

Answer Stats

HintAnswer% Correct
1The Beatles
96%
4The Rolling Stones
93%
35Michael Jackson
87%
2Bob Dylan
86%
3Elvis Presley
85%
14Led Zeppelin
84%
6Jimi Hendrix
79%
49Elton John
77%
36Madonna
77%
9Aretha Franklin
76%
12The Beach Boys
75%
29The Who
75%
51Pink Floyd
73%
30Nirvana
71%
22U2
70%
38John Lennon
67%
52Queen
67%
55Eric Clapton
66%
15Stevie Wonder
66%
5Chuck Berry
64%
96Diana Ross and the Supremes
63%
18Marvin Gaye
63%
23Bruce Springsteen
62%
41The Doors
62%
13Buddy Holly
60%
28The Clash
60%
27Prince
59%
75The Eagles
59%
82Creedence Clearwater Revival
58%
92Guns n' Roses
58%
72AC/DC
57%
31Johnny Cash
57%
7James Brown
56%
61Metallica
56%
59Aerosmith
55%
67Cream
55%
46Janis Joplin
55%
65The Kinks
55%
85Black Sabbath
54%
11Bob Marley
54%
34Neil Young
53%
10Ray Charles
53%
19The Velvet Underground
53%
39David Bowie
52%
68The Temptations
52%
47Patti Smith
49%
40Simon & Garfunkel
49%
26The Ramones
49%
8Little Richard
48%
60The Sex Pistols
48%
70The Police
47%
21Otis Redding
46%
83Eminem
45%
88Jay-Z
45%
63Tina Turner
45%
24Jerry Lee Lewis
44%
95Lynyrd Skynyrd
44%
86Tupac Shakur
44%
91Tom Petty
42%
45The Byrds
41%
66Al Green
40%
97R.E.M.
40%
37Roy Orbison
38%
73Radiohead
37%
48Run DMC
37%
90Carlos Santana
36%
25Fats Domino
36%
50The Band
36%
77The Beastie Boys
36%
44Public Enemy
35%
71Frank Zappa
34%
62Joni Mitchell
34%
17Muddy Waters
34%
32Smokey Robinson and The Miracles
34%
53The Allman Brothers
34%
57The Grateful Dead
34%
100Talking Heads
33%
33The Everly Brothers
33%
42Van Morrison
33%
80Elvis Costello
32%
74Hank Williams
32%
16Sam Cooke
32%
20Bo Diddley
31%
79The Four Tops
31%
56Dr. Dre
30%
84James Taylor
30%
89The Yardbirds
29%
99Carl Perkins
23%
43Sly and the Family Stone
22%
76The Shirelles
19%
78The Stooges
19%
69Jackie Wilson
18%
94Nine Inch Nails
18%
54Howlin' Wolf
16%
98Curtis Mayfield
15%
58Parliament-Funkadelic
15%
81The Drifters
15%
93Booker T and the MGs
10%
64Phil Spector
9%
87Gram Parsons
5%

Score Distribution

Percentile by Number Answered

Percent of People with Each Score

Your Score History

You have not taken this quiz